Dimensión regional de la crisis. El caso de Costa Rica, Guatemala, Honduras, Panamá y Belice: elementos y parámetros para un análisis

Sparad:
Bibliografiska uppgifter
Huvudupphovsman: Villagrán Kramer, Francisco
Materialtyp: Text
Publicerad: s.l.: s.e.
Taggar: Lägg till en tagg
Inga taggar, Lägg till första taggen!

MARC

LEADER 00000 a a2200000 04500
001 21661
003
040
090 |a 096500  
100 |a Villagrán Kramer, Francisco  
245 |a Dimensión regional de la crisis. El caso de Costa Rica, Guatemala, Honduras, Panamá y Belice: elementos y parámetros para un análisis  
260 |a s.l.:   |b s.e.  
300 |a s.p.  
999 |c 2405  |d 2405